| 000 | 00000nam 2200000za 4500 |
| 001 | 9.603298 |
| 003 | CaOODSP |
| 005 | 20221107134155 |
| 007 | cr ||||||||||| |
| 008 | 150406s1999 onc|||||o f00| 0 fre d |
| 040 | |aCaOODSP|bfre |
| 043 | |an-cn--- |
| 086 | 1 |aM22-132/14-1999F-PDF |
| 110 | 1 |aCanada. |bRessources naturelles Canada. |
| 245 | 10|aMise en valeur des innovations technologiques visant à atténuer les émissions de gaz à effet de serre |h[ressource électronique] / |cTable de la technologie. |
| 260 | |aOttawa : |bLa Table,|c1999. |
| 300 | |a330p.|bfigures (certaines en couleur), graphiques, tableaux |
| 500 | |a«Version definitive», «Le 10 décembre 1999». |
| 590 | |a12-10-Supp|b2012-03-23 |
| 710 | 2 |aSecrétariat national du Changement Climatique (Canada).|bTable de la technologie. |
| 775 | 08|tEnhancing technology innovation for mitigating greenhouse gas emissions |w(CaOODSP)9.573064 |
| 776 | 0#|tTechnologie / |w(CaOODSP)9.625315 |
| 856 | 40|ahttp://publications.gc.ca|qPDF|s1.22 Mo|uhttps://publications.gc.ca/collections/Collection/M22-132-14-1999F.pdf |